[Event "CZE-chT2B 1516"]
[Site "Czech Republic"]
[Date "2016.01.24"]
[Round "6.6"]
[White "Skuthan, Jiri"]
[Black "Kozel, Miroslav"]
[Result "1-0"]
[WhiteElo "1984"]
[BlackElo "1846"]
[PlyCount "75"]
[EventDate "2015.10.18"]
[EventType "team-tourn"]
[EventRounds "11"]
[EventCountry "CZE"]
[SourceTitle "EXT 2022"]
[Source "ChessBase"]
[SourceDate "2021.10.06"]
[SourceVersion "1"]
[SourceVersionDate "2021.10.06"]
[SourceQuality "1"]
[WhiteTeam "Most Chess"]
[BlackTeam "Unichess II"]
[WhiteTeamCountry "CZE"]
[BlackTeamCountry "CZE"]

1. e4 e6 2. d4 d5 3. Nd2 c5 4. c3 cxd4 5. cxd4 Nc6 6. Ngf3 Nge7 7. Bd3 dxe4 8. Nxe4 Nd5 9. 0-0 Be7 10. a3 Bd7 11. Bc2 Qc7 12. Qd3 Nf4 13. Bxf4 Qxf4 14. Rfe1 Rd8 15. Rad1 Kf8 16. b4 a6 17. Nc5 Bc8 18. Bb3 h5 19. Qc3 Rh6 20. Re4 Qf5 21. Ne5 Rf6 22. f3 Nxe5 23. dxe5 Rg6 24. Rxd8+ Bxd8 25. Bc2 Qg5 26. Re2 f5 27. Ba4 b5 28. Bb3 Bb6 29. Kf1 Qh4 30. g3 Qe7 31. Qd4 Bd8 32. Rd2 Ke8 33. Qd6 h4 34. Qc6+ Kf7 35. Qxc8 hxg3 36. Bxe6+ Rxe6 37. Qxe6+ Qxe6 38. Nxe6 1-0

[Event "Brno Trade op"]
[Site "Brno"]
[Date "2011.08.26"]
[Round "7"]
[White "Zavadilova, Karolina"]
[Black "Kozel, Miroslav"]
[Result "0-1"]
[WhiteElo "1755"]
[BlackElo "1847"]
[PlyCount "96"]
[EventDate "2011.08.21"]
[EventType "swiss"]
[EventRounds "9"]
[EventCountry "CZE"]
[SourceTitle "CBM 144 Extra"]
[Source "ChessBase"]
[SourceDate "2011.10.28"]
[SourceVersion "1"]
[SourceVersionDate "2011.10.28"]
[SourceQuality "1"]

1. d4 e6 2. Nf3 d5 3. e3 c5 4. b3 Nf6 5. Bd3 Nc6 6. 0-0 Qb6 7. dxc5 Bxc5 8. Bb2 Be7 9. c4 0-0 10. Nc3 dxc4 11. Bxc4 h6 12. Qe2 Re8 13. h3 e5 14. Nd5 Nxd5 15. Bxd5 Bf6 16. e4 a5 17. Rfc1 Bd7 18. Qc4 Be6 19. Bxe6 Rxe6 20. Rd1 Rd8 21. Rd5 Nd4 22. Bxd4 exd4 23. e5 Be7 24. Nxd4 Rxd5 25. Qxd5 Rg6 26. Rc1 Qb4 27. Nf3 Qf4 28. Qd2 Qxf3 29. Rc8+ Kh7 30. g3 Qf5 31. Rc7 Qxe5 32. Rxb7 Re6 33. Qd3+ Qe4 34. Qxe4+ Rxe4 35. Ra7 Bb4 36. Rxf7 Re2 37. a4 Rc2 38. Rf3 Rc3 39. Kg2 Kg6 40. Rxc3 Bxc3 41. f4 Kf5 42. Kf3 Ke6 43. Ke4 Bf6 44. g4 Kd6 45. f5 Kc5 46. Kd3 Kb4 47. Kc2 Be5 48. h4 Bf6 0-1

[Event "Brno Trade op"]
[Site "Brno"]
[Date "2011.08.24"]
[Round "5"]
[White "Stepan, Patrik"]
[Black "Kozel, Miroslav"]
[Result "1/2-1/2"]
[WhiteElo "1649"]
[BlackElo "1847"]
[PlyCount "21"]
[EventDate "2011.08.21"]
[EventType "swiss"]
[EventRounds "9"]
[EventCountry "CZE"]
[SourceTitle "CBM 144 Extra"]
[Source "ChessBase"]
[SourceDate "2011.10.28"]
[SourceVersion "1"]
[SourceVersionDate "2011.10.28"]
[SourceQuality "1"]

1. c4 e6 2. Nc3 Nf6 3. g3 d5 4. cxd5 exd5 5. d4 c6 6. Nf3 Bf5 7. Bg2 Bd6 8. 0-0 h6 9. Nh4 Bh7 10. f4 Nbd7 11. Nf3 1/2-1/2